000 00501nam a2200181Ia 4500
001 10040
005 20260306161802.0
008 260306t1992||||xx |||||||||||||| ||spa||
041 _aESP
082 _aPE 869.569
_bP28
100 _aPatrón Candela, Germán
_eAUT
245 0 _aEl proceso Vallejo:
_bEl momento más grave de mi vida fue mi prisión en una cárcel del Perú
260 _c1992
300 _a534 páginas :
_c24 cm.
650 _aGEN
654 _aCHU
942 _cLIB
_dJUS
_fJUS
_2ddc
_n
999 _c10040
_d10040